Prayer : (Record no. 143169)

MARC details
000 -LEADER
fixed length control field 00682nam a22001937a 4500
005 - DATE AND TIME OF LATEST TRANSACTION
control field 20170808165256.0
010 ## - LCCN (DPL NO)
LC control number ENG-119152
020 ## - INTERNATIONAL STANDARD BOOK NUMBER
Terms of availability 175.00
International Standard Book Number 9788184654516
035 ## - SYSTEM CONTROL NUMBER
System control number EN-102684
037 ## - SOURCE OF ACQUISITION
Source of stock number/acquisition DBAD/PUB
082 ## - DEWEY DECIMAL CLASSIFICATION NUMBER
Classification number 280.42
100 ## - MAIN ENTRY--PERSONAL NAME
Personal name Abhishiktanada
245 ## - TITLE STATEMENT
Title Prayer :
Statement of responsibility, etc by Abhishiktanada
Remainder of title exloring contemlative preayer thought Eastern and westren spirituality /
260 ## - PUBLICATION, DISTRIBUTION, ETC. (IMPRINT)
Place of publication, distribution, etc Delhi
Name of publisher, distributor, etc The Indian Society for Promoting Christian Knowlewdge(ISPCK))
Date of publication, distribution, etc 2015
270 ## - ADDRESS
Address 1585,1654 Madarsa Road Kashmere Gate
City Delhi
Postal code 110006
300 ## - PHYSICAL DESCRIPTION
Extent xxii,111p.
Dimensions 22cm(pbk)
500 ## - GENERAL NOTE
General note Includes bibliographical references
942 ## - ADDED ENTRY ELEMENTS (KOHA)
Source of classification or shelving scheme Dewey Decimal Classification
Item type English Books
Call number suffix ABH
Classification part 280.42
Holdings
Withdrawn status Lost status Not for loan Collection code Home library Current library Date acquired Source of acquisition Cost, normal purchase price Full call number Barcode Copy number Cost, replacement price Koha item type
      Non-fiction Shahdara Branch Shahdara Branch 11/07/2017 DBAD/PUB 175.00 280.42 ABH EN-102684 1 175.00 English Books

© Delhi Public Library
Hit Counter
free hit counter